02263nam a2200409uu 4500001000800000005001700008007001000025008004100035035001200076040001300088041000800101080000900109082000800118100004100126245005400167260003500221300001300256520108300269650001901352650004001371650003101411650003601442650003101478650002301509650001301532650007101545650001901616650003001635650003201665650002301697650003001720650002501750650002301775700003501798502001201833526000801845131889820260508075618.0co|||||||130308s2013 spa  a1318898 ccomduadb aspa aT/CD 4a61610aRestrepo Mejía, Mauricio4auteaut10aAspectos psicológicos de la obesidad en adultos aMedellín :bAutor(a),c2013. a1 CD-ROM3 aObjetivo: Las estadísticas de obesidad han tenido un aumento exesivo en los últimos años, suficiente para convertirla en la epidemia del siglo XXI. Cualquier aproximación terapéutica debe conocer las variables en torno a esta condición, su comorbilidad e impacto de la psicopatología asociada en la calidad de vida del adulto obeso. Metodología: Cada una de las secciones de este escrito requirió revisión de la literatura científica de múltiples fuentes en la Internet, privilegiando los datos obtenidos en instituciones gubernamentales y universitarias de todo el mundo y, artículos publicados en fechas recientes a partir de 2008. La obesidad es una condición mórbida que ha afectado a una enorme mayoría de países en el mundo y está significativamente asociada con grandes riesgos de comorbilidad psicológica y detrimento de la calidad de vida; se requiere una aproximación multidisciplinaria que incluya la evaluación y tratamiento psicológico para disminuir los riesgos asociados y mejorar la calidad de vida del paciente obeso. 7aObesidad2lemb 7aObesidadxAspectos psicológicos2 aObesidad - Epidemiología aÍndice de Masa Corporal (IMC) 7aConducta alimentaria2decs 7aPersonalidad2lemb aEstrés 7aTrastornos de alimentación y de la ingestión de alimentos2dcs 7aSobrepeso2dcs aAdicciones (Psicología) 7aPsicología cognitiva2dcs 7aPersonalidad2lemb 7aPsicología social2lemb aPerfil psicológico 7aPsicoterapia2lemb10aTamayo Lopera, Diego4thseths b105c12 a106